000 01122nam2a22002651 4500
001 v19\rc\1468818
005 20250618145737.0
035 _a(NLR Aleph) 004604721
090 _a2833067
_c2833067
100 _a20060620d1881 |||y0rusy50 ca
101 0 _arus
102 _aRU
105 _aa z |||||
200 0 _aна 1881 год
_e(Год 6-й)
210 _d1881
_aБ. м.
215 _aVIII, 155, 180 с., 1 ил.
461 0 _1001v19\rc\1468812
_12001#$aЛесной календарь...$fСост. при содействии В.Т. Собичевского проф., Н.С. Шафрановой проф. и др. лиц$vна 1881 год
_92832993
_cСанкт-Петербург
_d1876-1882
_fСост. при содействии В.Т. Собичевского проф., Н.С. Шафрановой проф. и др. лиц
_nДевриен
_tЛесной календарь...
_vна 1881 год
801 0 _aRU
_bNLR
_gpsbo
801 0 _aRU
_bRuMoRGB
_2psbo
801 1 _aRU
_bProSoft-M
_2rusmarc
852 _aNLR
_j18.131.7.76
899 _aRuMoRGB
_jA 132/168
899 _aБАН
942 _cBOOK
980 _aNB